| 000 | 00360cam a2200145ua 4500 | ||
|---|---|---|---|
| 041 |
_aeng _h |
||
| 082 |
_a822 _bJOH/BE |
||
| 100 | _aJohnson, Ben . | ||
| 245 |
_aBen Johnson`s Plays, Vol 1 / _cBen Johnson. _hTextual Documents |
||
| 260 |
_aLondon : _bJ M Dent and sons ltd , _c1962. |
||
| 300 | _a642 ; . | ||
| 504 | _a | ||
| 942 | _cBK | ||
| 999 |
_c4447 _d4447 |
||